000 00636nam a22002057a 4500
003 OSt
005 20230131110151.0
008 230131b |||||||| |||| 00| 0 eng d
020 _a9780135038024
040 _cDDC
082 _a338.4791'0285
100 _4Nyheim, Peter D.
245 _aTechnology strategies for the hospitality industry /
_cPeter D. Nyheim, Daniel J. Connolly with Lesley Holmer and Steven Durham
250 _a2nd edition
260 _aBoston :
_bPrentice Hall,
_c2012.
300 _axix, 262 p. :
_bill. ;
_c23 cm.
500 _aIncludes appendix and index.
700 _4Daniel J.Connolly
942 _2ddc
_cBK
999 _c19425
_d19423